Central Library OPAC University of Rajshahi

Kinetics of high-temperature processes / (Record no. 8900)

MARC details
000 -LEADER
fixed length control field 00811nam a2200253 a 4500
001 - CONTROL NUMBER
control field 8900
003 - CONTROL NUMBER IDENTIFIER
rucl marc code BD-RjUL
005 - DATE AND TIME OF LATEST TRANSACTION
control field 20211208234656.0
008 - FIXED-LENGTH DATA ELEMENTS--GENERAL INFORMATION
fixed length control field 170509s1959 nyua 101 0 eng d
035 ## - SYSTEM CONTROL NUMBER
System control number (BD-RjUL)8945
040 ## - CATALOGING SOURCE
Original cataloging agency DLC/ICU
Transcribing agency ICU
Modifying agency BD-RjUL
Language of cataloging eng
041 ## - LANGUAGE CODE
Language code of text/sound track or separate title eng
082 00 - DEWEY DECIMAL CLASSIFICATION NUMBER
Classification number 541.3687
Author mark and year KIN 1959
Edition number 23
245 00 - TITLE STATEMENT
Title Kinetics of high-temperature processes /
Statement of responsibility, etc. W.D. Kingery, editor
260 ## - PUBLICATION, DISTRIBUTION, ETC. (IMPRINT)
Place of publication, distribution, etc. New York :
Name of publisher, distributor, etc. John Wiley & Sons,
Date of publication, distribution, etc. 1959.
300 ## - PHYSICAL DESCRIPTION
Pagination xvi, 326 p. :
Illustrations ill. ;
Size 28 cm.
500 ## - GENERAL NOTE
General note Includes index.
650 ## - SUBJECT ADDED ENTRY--TOPICAL TERM
Topical term or geographic name as entry element High temperatures
9 (RLIN) 209194
700 1# - ADDED ENTRY--PERSONAL NAME
Personal name Kingery, W. D.;editor
830 ## - SERIES ADDED ENTRY--UNIFORM TITLE
Uniform title Technology Press books in science and engineering ;
942 ## - ADDED ENTRY ELEMENTS (KOHA)
Source of classification or shelving scheme Dewey Decimal Classification
Koha item type Books
Holdings
Lost status Source of classification or shelving scheme Damaged status Not for loan Collection code Permanent Location Current Location Shelving location Date acquired Source of acquisition Cost, normal purchase price Total Checkouts Full call number Date last seen Copy number Koha item type
  Dewey Decimal Classification     Non-fiction Central Library, University of Rajshahi Central Library, University of Rajshahi   12/11/1968 Zeitlinger 168.00   541.3687 KIN 1959 19/01/2014 C-4 Books
  Dewey Decimal Classification   Not For Loan Reference Central Library, University of Rajshahi Central Library, University of Rajshahi Reading Room 18/05/1968 Cento Aid Science Book Program     541.3687 KIN 1959 28/01/2014 C-1 Books
  Dewey Decimal Classification     Non-fiction Central Library, University of Rajshahi Central Library, University of Rajshahi   12/11/1968 Zeithenger 168.00   541.3687 KIN 1959 09/05/2017 C-2 Books
  Dewey Decimal Classification     Non-fiction Central Library, University of Rajshahi Central Library, University of Rajshahi   12/11/1968 Zeithenger 168.00   541.3687 KIN 1959 09/05/2017 C-3 Books
  Dewey Decimal Classification     Non-fiction Central Library, University of Rajshahi Central Library, University of Rajshahi   12/11/1968 Zeithenger 168.00   541.3687 KIN 1959 09/05/2017 C-5 Books
  Dewey Decimal Classification     Non-fiction Central Library, University of Rajshahi Central Library, University of Rajshahi   12/11/1968 Zeithenger 168.00   541.3687 KIN 1959 09/05/2017 C-6 Books